000 01130nam a2200265 a 4500
001 000963087
003 AM-YeHGA
005 20250617160947.0
008 130517s1900 ru r 000 0 rus d
040 _aAM-YeHGA
041 0 _arus
245 0 0 _aОписание Кореи :
_b(С картою) /
_cСост. в Канцелярии министра финансов.
260 _aСанкт-Петербург :
_bИзд. М-ва финансов,
_c1900.
300 _aЧ. ;
_c27 см.
500 _aУказ. собств. имен в конце кн. (ч. 1, 2).
504 _aБиблиогр. с. 266-306 (т. 3).
505 1 0 _gЧ. 1 (1900, XVI, 448 с.)
_gЧ. 2 (1900, VI, 490 с.)
_gЧ. 3 (1900, V, 318 с., 5 вкл. л. ил., цв. карт.) :
_tПриложения
650 1 4 _aГеография
_xПутешествия
650 1 4 _aГеографическая политика
_zКорея
653 0 _aКорея - История
653 0 _aКорея - Георграфия
651 4 _aКорея
710 2 _aРоссия.
_bМинистерство финансов
090 _c466415
999 _c463229
_d463229